000 00794cam a2200265 a 4500
001 14608449
005 20180315085901.0
008 061024s2007 maua 000 0 eng d
010 _a 2006284733
020 _a0618607153 (Student ed. : spiral binding)
020 _a0618730605 (Instructor's ed.)
035 _a(OCoLC)ocm64414562
040 _aOSC
_cOSC
_dBAKER
_dDLC
041 _aeng
042 _alccopycat
080 _a37 RAI
082 _a37 RAI
100 1 _a25
101 _aEDU
245 1 4 _aThe open handbook :
_cAnn Raimes, with Maria Jerskey
504 _aIncludes bibliographical references and index
906 _a7
_bcbc
_ccopycat
_d2
_encip
_f20
_gy-gencatlg
942 _2ddc
_cBK
999 _c45150
_d45150